RICS Draft Professional Standard: Responsible Use of Artificial Intelligence, 1st Edition - Global (Record no. 122113)
[ view plain ]
| 000 -LEADER | |
|---|---|
| fixed length control field | 01691nam a22002297a 4500 |
| 005 - DATE AND TIME OF LATEST TRANSACTION | |
| control field | 20250909100628.0 |
| 008 - FIXED-LENGTH DATA ELEMENTS--GENERAL INFORMATION | |
| fixed length control field | 250305e20250503xxk|||||o|||| 00| 0 eng d |
| 041 ## - LANGUAGE CODE | |
| Language code of text/sound track or separate title | eng |
| 110 ## - MAIN ENTRY--CORPORATE NAME | |
| Corporate author | Royal Institution of Chartered Surveyors |
| 245 ## - TITLE STATEMENT | |
| Title | RICS Draft Professional Standard: Responsible Use of Artificial Intelligence, 1st Edition - Global |
| Subtitle | - a consultation |
| 260 ## - PUBLICATION INFORMATION | |
| Place of publication | London, |
| Publisher | Royal Institution of Chartered Surveyors, |
| Date | 4 March 2025 |
| 520 ## - ABSTRACT | |
| Abstract | The awareness and use of AI across the land and property life cycle has steadily grown in recent years, bringing both advantages and risks to professionals and their clients. This draft professional conduct standard seeks to assist RICS members and regulated firms in adapting to the use of this new technology while maintaining professional judgment, engendering confidence in the management of data and ensuring good communication with clients. It is therefore hoped that the standard will help in building trust among stakeholders, ensuring that AI improves safety, resilience and innovation within the natural and built environment. Consultation opened 5 March 2025 and closes 25 April 2025 |
| 520 ## - ABSTRACT | |
| Abstract | 1st edition based on the consultation feedback published in September 2025, effective 9 March 2026 |
| 650 ## - KEYWORDS | |
| Keywords | ARTIFICIAL INTELLIGENCE |
| 650 ## - KEYWORDS | |
| Keywords | PROFESSIONAL CONDUCT |
| 651 ## - SUBJECT ADDED ENTRY--GEOGRAPHIC NAME | |
| Geographic name | International |
| 690 ## - BROAD SUBJECT | |
| Broad subject | Technology |
| 9 (RLIN) | 6348 |
| 710 ## - ADDED CORPORATE NAME | |
| Added corporate author | Royal Institution of Chartered Surveyors |
| 856 ## - ONLINE RESOURCE | |
| Uniform Resource Identifier | <a href="https://consultations.rics.org/connect.ti/AIstandard">https://consultations.rics.org/connect.ti/AIstandard</a> |
| Public note | Consultation homepage on RICS iconsult |
| 856 ## - ONLINE RESOURCE | |
| Uniform Resource Identifier | <a href="https://consultations.rics.org/AIstandard/view?objectID=239740261">https://consultations.rics.org/AIstandard/view?objectID=239740261</a> |
| Public note | Draft copy of the standard |
| 942 ## - ADDED ENTRY ELEMENTS (KOHA) | |
| Suppress in OPAC | Do not suppress in OPAC |
| Lost status | Damaged status | Not for loan | Current library | Shelving location | Date acquired | Total Checkouts | Full call number | Date last seen | Price effective from | Koha item type |
|---|---|---|---|---|---|---|---|---|---|---|
| Virtual | Online | 05/03/2025 | iConsult | 05/03/2025 | 05/03/2025 | Online material |